000 01664cam a2200421 a 4500
999 _c28742
_d28713
001 3087636
003 EG-ScBUE
005 20200919104453.0
008 980330t1999 flua f b 001 0 eng d
020 _a0849312655 (alk. paper)
020 _a9780849312656
035 _a(DLC) 98017157
040 _aDLC
_beng
_erda
_cDLC
_dDLC
_dEG-ScBUE
043 _an-us---
082 0 4 _a720.68
_bBIR
_222
100 1 _aBirnberg, Howard G.,
_eauthor.
245 1 0 _aProject management for building designers and owners /
_cHoward G. Birnberg.
250 _aSecond edition.
264 1 _aBoca Raton, Florida :
_bCRC Press,
_c[1999]
264 4 _cc1999
300 _a223 pages :
_billustrations ;
_c24 cm.
336 _2rdacontent
_atext
_btxt
337 _2rdamedia
_aunmediated
_bn
338 _2rdacarrier
_avolume
_bnc
490 0 _aAssociation for project managers
500 _aRev. ed. of: Project management for small design firms.
500 _aIncludes appendices.
504 _aIncludes bibliographical references and index.
650 7 _aArchitectural firms
_zUnited States
_xManagement.
_2BUEsh
650 7 _aEngineering firms
_zUnited States
_xManagement.
_2BUEsh
653 _bBUSADM
_cSeptember2020
655 _vReading book
_934232
700 1 _aBirnberg, Howard G.
_tProject management for small design firms.
856 4 2 _3Publisher description
_uhttp://www.loc.gov/catdir/enhancements/fy0744/98017157-d.html
906 _a7
_bcbc
_corignew
_d1
_eocip
_f19
_gy-gencatlg
942 _2ddc
_cBB